[Event "Frankfurt-ch"]
[Site "Frankfurt"]
[Date "2005.06.06"]
[Round "6"]
[White "Makilla, Tobias"]
[Black "Enderlin, Rolf"]
[Result "1-0"]
[WhiteElo "1466"]
[BlackElo "1636"]
[PlyCount "111"]
[EventDate "2005.04.25"]
[EventType "swiss"]
[EventRounds "7"]
[EventCountry "GER"]
[SourceTitle "EXT 2006"]
[Source "ChessBase"]
[SourceDate "2005.11.24"]
[SourceVersion "1"]
[SourceVersionDate "2005.11.24"]
[SourceQuality "1"]

1. e4 c5 2. Nf3 Nc6 3. d4 cxd4 4. Nxd4 g6 5. b3 Bg7 6. Bb2 Qb6 7. c3 Nf6 8. Nd2 0-0 9. Nc4 Qc7 10. Bd3 a6 11. 0-0 b5 12. Ne3 Bb7 13. f3 Rac8 14. c4 Qb6 15. Ndc2 Bh6 16. Qe2 b4 17. Bxf6 exf6 18. Qf2 a5 19. Nd5 Qxf2+ 20. Kxf2 Ne5 21. Rad1 Bxd5 22. exd5 d6 23. Nd4 Rfd8 24. Rfe1 Rc7 25. g3 f5 26. h3 f4 27. g4 Bg5 28. Re4 Nd7 29. Nb5 Rc5 30. Nxd6 Nf6 31. Nb7 Nxe4+ 32. Bxe4 Rdc8 33. Nxc5 Rxc5 34. d6 Bh4+ 35. Ke2 f5 36. gxf5 gxf5 37. Rd5 Rxd5 38. Bxd5+ Kf8 39. Be6 Kg7 40. d7 Kg6 41. Kd3 Bd8 42. Kd4 Kf6 43. Kd5 Bc7 44. c5 h6 45. c6 h5 46. h4 Ke7 47. Bxf5 Kf6 48. Be4 Ke7 49. Bg6 Kf6 50. Bxh5 Ke7 51. Bg6 Kf6 52. h5 Kg7 53. Ke6 Kf8 54. h6 Kg8 55. h7+ Kg7 56. Ke7 1-0